| 000 | 01146pam a2200337 i 4500 | ||
|---|---|---|---|
| 999 |
_c1726 _d1726 |
||
| 001 | 018249564 | ||
| 003 | Uk | ||
| 005 | 20230120152253.0 | ||
| 008 | 170123s2017 enka j b 000 f eng d | ||
| 015 |
_aGBB734559 _2bnb |
||
| 016 | 7 |
_a018249564 _2Uk |
|
| 020 |
_a9781911091073 _qpaperback : |
||
| 040 |
_aStDuBDS _beng _cStDuBDS _dUk _dKH8 _erda |
||
| 042 | _aukblsr | ||
| 082 | 0 | 4 |
_a823.92 EVA _223 |
| 100 | 1 |
_aEvans, Tony _c(Children's fiction writer), _eauthor. |
|
| 245 | 1 | 0 |
_aJourney to the centre of the Earth / _cJules Verne ; retold by Tony Evans ; illustrated by Stephen Lillie. |
| 264 | 1 |
_aStroud, Gloucestershire, UK : _bReal Reads, _c2017. |
|
| 300 |
_a64 pages : _billustrations (colour) ; _c20 cm |
||
| 336 |
_atext _2rdacontent |
||
| 336 |
_astill image _2rdacontent |
||
| 337 |
_aunmediated _2rdamedia |
||
| 338 |
_avolume _2rdacarrier |
||
| 500 |
_aFormerly CIP. _5Uk |
||
| 504 | _aIncludes bibliographical references. | ||
| 655 | 0 | _aAdventure stories. | |
| 655 | 0 | _aChildren's stories. | |
| 700 | 1 |
_aLillie, Stephen, _eillustrator. |
|
| 700 | 1 |
_aVerne, Jules, _d1828-1905. _tVoyage au centre de la terre. |
|
| 942 |
_2ddc _cNFIC |
||